000 00262nam a22001097a 4500
008 170118b xxu||||| |||| 00| 0 eng d
020 _a9781133603405
041 _aeng
080 _25TH
_a618.2
245 _aCLINICAL MEDICAL ASSISTING
_cLINDH, W.Q
942 _2udc
_cBK
999 _c3060
_d3060